| 000 | 01025nam a2200277Ia 4500 | ||
|---|---|---|---|
| 003 | GCL | ||
| 008 | 140319s9999 xx 000 0 ara d | ||
| 040 |
_aGCL / _cGCL |
||
| 082 | 0 | 4 |
_a610.953 _bح ك |
| 100 | 1 | _aمحمد سليم سالم (تحقيق) | |
| 245 | 1 | 0 |
_aكتاب جالينوس فى فرق الطب للمتعلمين / _cمحمد سليم سالم (تحقيق) |
| 700 | 1 | _aجالينوس | |
| 700 | 1 | _aحسين بن اسحق, ابو زيد حنين بن | |
| 260 |
_a[S.N] : _bالهيئة المصرية العامة للكتاب ، _c1973 |
||
| 490 |
_aمنتخبات الاسكندرانين _v0 |
||
| 650 | 0 | 4 | _aالطب |
| 650 | 0 | 4 | _aالحضارة العربية الاسلامية - المعارف البحرية |
| 650 | 0 | 4 | _aالتراث |
| 650 | 0 | 4 | _aالتراث العربى |
| 650 | 0 | 4 | _aالعلاج |
| 650 | 0 | 4 | _aالعلوم |
| 650 | 0 | 4 | _aالاسلام والطب |
| 650 | 0 | 4 | _aالعلوم عند العرب |
| 650 | 0 | 4 | _aالحضارة الاسلامية |
| 942 |
_2ddc _cBK |
||
| 999 |
_c29940 _d29940 |
||